ARTPOP - Lady Gaga (Lyrics) - Statistics

General Stats
  • This quiz has been taken 7 times
  • The average score is 232 of 273
Answer Stats
Answer % Correct
A
100%
a
100%
all
100%
and
100%
And
100%
anything
100%
anything,
100%
ARTPOP
100%
(ARTPOP)
100%
(ARTPOP,
100%
ARTPOP,
100%
ARTPOP)
100%
belong
100%
"Come
100%
Come
100%
could
100%
could,
100%
Could
100%
cruelty
100%
do
100%
I
100%
I'll
100%
Just
100%
just
100%
me
100%
My
100%
my
100%
that
100%
the
100%
The
100%
these
100%
thing
100%
to
100%
We
100%
we
100%
with
100%
With
100%
you
100%
You
100%
your
100%
beat
86%
bricks
86%
Can
86%
can
86%
choose
86%
glamour
86%
heart
86%
hybrid
86%
In
86%
mean
86%
strings
86%
together
86%
undress
86%
color
71%
fantasy
71%
love
71%
Lovers'
71%
palette
71%
subtext
71%
things
71%
withstand
71%
beaches
57%
Brushes
57%
create
57%
darkness
57%
destiny
57%
Free
57%
help
57%
hue
57%
melody
57%
mind,
57%
or
57%
perverse
57%
rescue
57%
simplest
57%
Are
43%
bling
43%
But
43%
but
43%
is
43%
it
43%
Keep
43%
kites
43%
move
43%
music,
43%
Music,
43%
not
43%
on
43%
out,
43%
profit
43%
reasons
43%
right
43%
self
43%
sell
43%
show
43%
sight
43%
Sometimes,
43%
tight
43%
try
43%
why
43%
won't
43%
flown
29%
make
29%
of
29%
public
29%
stop"
29%
am
14%
for
14%
myself,
14%
really
14%
Because
0%
laughing
0%
No matching quizzes found
Score Distribution
Percent of People with Each Score
Percentile by Number Answered
Your Score History
You have not taken this quiz